[Event "DVM U16 2024"]
[Site "Sebnitz GER"]
[Date "2024.12.28"]
[Round "4"]
[White "Haubold, Christian"]
[Black "Sasikumar Anitha, Sarvesh"]
[Result "1/2-1/2"]
[Termination "normal"]
[Board "7.2"]
[WhiteElo "2074"]
[BlackElo "1850"]
[WhiteTeam "USC Magdeburg"]
[BlackTeam "SK 1858 Gießen"]
[PlyCount "61"]
[WhiteFideId "16259629"]
[BlackFideId "34609245"]
[EventCountry "GER"]
[EventRounds "7"]
[EventType "team-swiss"]
[EventDate "2024.12.26"]

1. e4 e6 2. d4 d5 3. Nd2 c5 4. Ngf3 cxd4 5. exd5 exd5 6. Nxd4 Nf6 7. Bb5+ Bd7
8. Bxd7+ Qxd7 9. O-O Be7 10. N2f3 O-O 11. Bf4 Nc6 12. c3 Ne4 13. Qb3 Bf6 14.
Rad1 a6 15. Nc2 Rfd8 16. Ne3 Ne7 17. Rfe1 Nc5 18. Qa3 Qc6 19. Ng4 Ne4 20. Nxf6+
Qxf6 21. Be5 Qe6 22. Bc7 Rd7 23. Bg3 Nc6 24. Ng5 Qf5 25. Nxe4 dxe4 26. Rxd7
Qxd7 27. Qa4 Re8 28. h3 Qd5 29. Rd1 Qg5 30. h4 Qe7 31. Re1 1/2-1/2

[Event "DVM U16 2024"]
[Site "Sebnitz GER"]
[Date "2024.12.28"]
[Round "4"]
[White "Himmelspacht, Maxim"]
[Black "Pham, Jacky"]
[Result "0-1"]
[Termination "normal"]
[Board "7.3"]
[WhiteElo "1808"]
[BlackElo "1601"]
[WhiteTeam "SK 1858 Gießen"]
[BlackTeam "USC Magdeburg"]
[PlyCount "98"]
[WhiteFideId "16287932"]
[BlackFideId "34611606"]
[EventCountry "GER"]
[EventRounds "7"]
[EventType "team-swiss"]
[EventDate "2024.12.26"]

1. e4 c5 2. c3 e6 3. d4 cxd4 4. cxd4 Nf6 5. e5 Nd5 6. Nf3 Nc6 7. Nc3 Bb4 8. Bd2
d6 9. Ne4 Bxd2+ 10. Qxd2 dxe5 11. dxe5 O-O 12. Bc4 Nb6 13. Bb5 Qxd2+ 14. Nexd2
Bd7 15. a4 a6 16. Nc4 Nxc4 17. Bxc4 b5 18. Be2 bxa4 19. O-O-O Rfc8 20. Kb1 Be8
21. Rd2 Nb4 22. Rc1 Rcb8 23. Ka1 Bb5 24. Rcd1 Bxe2 25. Rxe2 Rc8 26. Ne1 Rab8
27. Red2 Nc6 28. f4 Rb3 29. Ka2 Nb4+ 30. Ka1 g6 31. Nd3 Nd5 32. g3 Ne3 33. Rc1
Rd8 34. Rc3 Nf1 35. Rd1 Nxh2 36. Nf2 Rdb8 37. Rd2 Nf1 38. Re2 Nxg3 39. Rc4 R8b4
40. Ka2 Nh5 41. Rc6 Nxf4 42. Rxa6 Nd5 43. Rxa4 Rxb2+ 44. Rxb2 Rxa4+ 45. Kb3
Rb4+ 46. Kc2 Ne3+ 47. Kc3 Rxb2 48. Kxb2 Nc4+ 49. Kc3 Nxe5 0-1

[Event "DVM U16 2024"]
[Site "Sebnitz GER"]
[Date "2024.12.28"]
[Round "4"]
[White "Ziem, Ole"]
[Black "Reis, Sophie"]
[Result "1/2-1/2"]
[Termination "normal"]
[Board "7.4"]
[WhiteElo "1630"]
[BlackElo "1515"]
[WhiteTeam "USC Magdeburg"]
[BlackTeam "SK 1858 Gießen"]
[PlyCount "100"]
[WhiteFideId "34624791"]
[BlackFideId "34652485"]
[EventCountry "GER"]
[EventRounds "7"]
[EventType "team-swiss"]
[EventDate "2024.12.26"]

1. e4 e6 2. d4 d5 3. Nd2 c5 4. Ngf3 Nf6 5. e5 Nfd7 6. c3 Nc6 7. Bd3 Qb6 8. Qb3
Be7 9. O-O O-O 10. Re1 Qxb3 11. axb3 cxd4 12. cxd4 Re8 13. Nf1 h6 14. Ng3 Nf8
15. Bd2 Bd7 16. h3 a6 17. Bc3 Rac8 18. Nh2 Ng6 19. Nh5 Nh4 20. Re3 Nf5 21. Bxf5
exf5 22. Rg3 g6 23. Nf4 Kg7 24. Nxd5 Be6 25. Nf4 Rcd8 26. Nf3 Bxb3 27. e6 Bxe6
28. d5+ Bf6 29. Bxf6+ Kxf6 30. dxe6 g5 31. Ne2 f4 32. Rg4 Rxe6 33. Nc3 Ne5 34.
Nxe5 Rxe5 35. h4 Kg6 36. g3 fxg3 37. Rxg3 Rd2 38. f4 Rf5 39. fxg5 hxg5 40. b3
Rb2 41. Ne4 f6 42. Rh3 gxh4 43. Rxh4 Rxb3 44. Ra2 Rb1+ 45. Kh2 Rd1 46. Rg2+ Kf7
47. Rh7+ Ke6 48. Rxb7 a5 49. Re2 Re5 50. Kg2 Rd4 1/2-1/2

[Event "DVM U16 2024"]
[Site "Sebnitz GER"]
[Date "2024.12.28"]
[Round "4"]
[White "Klein, Timon"]
[Black "Möller, Maurin"]
[Result "0-1"]
[Termination "normal"]
[Board "8.1"]
[WhiteElo "1784"]
[BlackElo "2233"]
[WhiteTeam "SC Leipzig-Lindenau"]
[BlackTeam "SK Blauer Springer Paderborn 1926"]
[PlyCount "122"]
[WhiteFideId "34651713"]
[BlackFideId "16265696"]
[EventCountry "GER"]
[EventRounds "7"]
[EventType "team-swiss"]
[EventDate "2024.12.26"]

1. e4 c5 2. c3 Nf6 3. e5 Nd5 4. d4 cxd4 5. Nf3 Nc6 6. cxd4 d6 7. Bc4 dxe5 8.
dxe5 Ndb4 9. Qxd8+ Nxd8 10. Na3 Be6 11. Bxe6 Nxe6 12. O-O g6 13. Bd2 Nc6 14.
Rad1 Bg7 15. Bc3 O-O 16. Nc2 Rfd8 17. Nb4 Nxb4 18. Bxb4 Kf8 19. g3 Rac8 20.
Rxd8+ Rxd8 21. Rc1 Ke8 22. Kf1 Rd5 23. Bc3 g5 24. h3 h5 25. g4 Rd3 26. Ng1 h4
27. Ke1 Nf4 28. Rd1 Rxd1+ 29. Kxd1 Kd7 30. Ne2 Ke6 31. Nxf4+ gxf4 32. f3 Bxe5
33. Be1 Bf6 34. Ke2 Bxb2 35. Bxh4 Bf6 36. Be1 Kd5 37. Kd3 b5 38. Bd2 e5 39. Be1
Be7 40. h4 Ke6 41. Ke4 f6 42. h5 Bf8 43. Bd2 b4 44. Be1 a5 45. Bd2 a4 46. Kd3
b3 47. axb3 axb3 48. Bc1 Bb4 49. Kc4 Bd2 50. Bb2 e4 51. fxe4 f3 52. Kd3 Bf4 53.
Bd4 Be5 54. Bf2 b2 55. Kc2 Bc3 56. Kb1 Ke5 57. Kc2 Kxe4 58. h6 Kf4 59. h7 f5
60. gxf5 Bh8 61. Bg1 Kxf5 0-1

[Event "DVM U16 2024"]
[Site "Sebnitz GER"]
[Date "2024.12.28"]
[Round "4"]
[White "Weeke, Tom"]
[Black "Göllnitz, Aaron"]
[Result "1/2-1/2"]
[Termination "normal"]
[Board "8.2"]
[WhiteElo "1785"]
[BlackElo "1615"]
[WhiteTeam "SK Blauer Springer Paderborn 1926"]
[BlackTeam "SC Leipzig-Lindenau"]
[PlyCount "45"]
[WhiteFideId "34607080"]
[BlackFideId "34617183"]
[EventCountry "GER"]
[EventRounds "7"]
[EventType "team-swiss"]
[EventDate "2024.12.26"]

1. e4 c5 2. Nf3 e6 3. d4 cxd4 4. Nxd4 Nc6 5. Nc3 Qc7 6. Be3 a6 7. Qf3 Nf6 8.
O-O-O h5 9. Kb1 b5 10. Nxc6 dxc6 11. Bd3 b4 12. Ne2 c5 13. c4 Bb7 14. h4 Bd6
15. Rhe1 a5 16. Bc1 O-O-O 17. Ng1 Ng4 18. Qe2 Ne5 19. Nh3 Nc6 20. Be3 Nd4 21.
Bxd4 cxd4 22. Rc1 Bc5 23. g3 1/2-1/2

[Event "DVM U16 2024"]
[Site "Sebnitz GER"]
[Date "2024.12.28"]
[Round "4"]
[White "Rudolph, Konrad"]
[Black "Rogalski, Niclas"]
[Result "0-1"]
[Termination "normal"]
[Board "8.3"]
[WhiteElo "1550"]
[BlackElo "1666"]
[WhiteTeam "SC Leipzig-Lindenau"]
[BlackTeam "SK Blauer Springer Paderborn 1926"]
[PlyCount "98"]
[WhiteFideId "34607668"]
[BlackFideId "34640320"]
[EventCountry "GER"]
[EventRounds "7"]
[EventType "team-swiss"]
[EventDate "2024.12.26"]

1. d4 Nf6 2. c4 e6 3. Nc3 Bb4 4. g3 O-O 5. Bg2 d5 6. cxd5 exd5 7. Nf3 c6 8. O-O
Bf5 9. Qb3 Qb6 10. Bf4 Bxc3 11. bxc3 Nbd7 12. Rac1 Rfe8 13. Rfe1 Qa6 14. Nh4
Bg6 15. Nxg6 hxg6 16. Rc2 Nh5 17. Bc1 Kh8 18. e4 Nhf6 19. f3 Qb6 20. Rce2 Qxb3
21. axb3 Kg8 22. Kf2 a5 23. Ra2 Nb6 24. Bf4 a4 25. bxa4 Rxa4 26. Rb2 Nc4 27.
Rxb7 Ra2+ 28. Re2 Rea8 29. Rc7 Nh5 30. Rxc6 Rxe2+ 31. Kxe2 Ra2+ 32. Kf1 Nxf4
33. gxf4 Ne3+ 34. Kg1 Rxg2+ 35. Kh1 Rf2 36. Rc8+ Kh7 37. h4 dxe4 38. fxe4 Rxf4
39. e5 Rxh4+ 40. Kg1 g5 41. Rc5 Rf4 42. Kh2 Kg6 43. Kg3 Kh5 44. Rc6 Nf5+ 45.
Kh3 g4+ 46. Kg2 Ne3+ 47. Kg3 Rf3+ 48. Kh2 g3+ 49. Kg1 Rf1# 0-1

[Event "DVM U16 2024"]
[Site "Sebnitz GER"]
[Date "2024.12.28"]
[Round "4"]
[White "Wolek, Lukas"]
[Black "Hauptmann, Simon"]
[Result "1-0"]
[Termination "normal"]
[Board "8.4"]
[WhiteElo "1626"]
[BlackElo "1475"]
[WhiteTeam "SK Blauer Springer Paderborn 1926"]
[BlackTeam "SC Leipzig-Lindenau"]
[PlyCount "65"]
[WhiteFideId "34689796"]
[EventCountry "GER"]
[EventRounds "7"]
[EventType "team-swiss"]
[EventDate "2024.12.26"]

1. e4 e5 2. Nf3 Nc6 3. Bc4 Bc5 4. c3 Nf6 5. d3 d6 6. O-O O-O 7. Re1 Bg4 8. Nbd2
a6 9. a4 Rb8 10. b4 Ba7 11. h3 Bd7 12. a5 Re8 13. Nf1 h6 14. Ng3 Ne7 15. Qb3
Rf8 16. d4 exd4 17. cxd4 Ng6 18. e5 dxe5 19. dxe5 Ne8 20. Ba3 Ne7 21. Rad1 Qc8
22. b5 axb5 23. Bxe7 bxc4 24. Qa3 c5 25. Ne4 f5 26. exf6 Rxf6 27. Bxf6 Nxf6 28.
Nxf6+ gxf6 29. Qc3 Qc6 30. Qxc4+ Kf8 31. Qh4 Re8 32. Qxh6+ Kf7 33. Rxd7+ 1-0

[Event "DVM U16 2024"]
[Site "Sebnitz GER"]
[Date "2024.12.28"]
[Round "4"]
[White "Sommerfeld, Felix"]
[Black "Prashanthakumar, Arju"]
[Result "0-1"]
[Termination "normal"]
[Board "9.1"]
[WhiteElo "1787"]
[BlackElo "1792"]
[WhiteTeam "Krefelder SK Turm 1851"]
[BlackTeam "SV 1926 Riegelsberg"]
[PlyCount "88"]
[WhiteFideId "34646744"]
[BlackFideId "34604065"]
[EventCountry "GER"]
[EventRounds "7"]
[EventType "team-swiss"]
[EventDate "2024.12.26"]

1. Nf3 Nf6 2. c4 g6 3. b4 Bg7 4. Bb2 O-O 5. g3 d6 6. Bg2 e5 7. d3 Nc6 8. b5 Ne7
9. O-O Ne8 10. Qc2 f5 11. Nbd2 h6 12. h4 Nf6 13. e3 Nh7 14. a4 g5 15. hxg5 hxg5
16. a5 Rb8 17. c5 Be6 18. Rfc1 Ng6 19. c6 b6 20. axb6 axb6 21. Ra7 g4 22. Nh4
Nxh4 23. gxh4 Rf7 24. Nc4 f4 25. exf4 exf4 26. Rb7 f3 27. Bxg7 Rxg7 28. Re1 Bd5
29. Nxd6 fxg2 30. Rxb8 Qxb8 31. Re8+ Qxe8 32. Nxe8 Re7 33. Qd1 Bf3 34. Qb3+ Kf8
35. Qc3 Kxe8 36. Qh8+ Nf8 37. Qh5+ Kd8 38. Qg5 Ng6 39. Kh2 Nf4 40. Qf6 Ne2 41.
Qf8+ Re8 42. Qf6+ Kc8 43. Qf5+ Kb8 44. Qd7 g1=B# 0-1

[Event "DVM U16 2024"]
[Site "Sebnitz GER"]
[Date "2024.12.28"]
[Round "4"]
[White "Klein, Raphael"]
[Black "Ramolla, Jan"]
[Result "1/2-1/2"]
[Termination "normal"]
[Board "9.2"]
[WhiteElo "1693"]
[BlackElo "1809"]
[WhiteTeam "SV 1926 Riegelsberg"]
[BlackTeam "Krefelder SK Turm 1851"]
[PlyCount "52"]
[WhiteFideId "16283791"]
[BlackFideId "34678697"]
[EventCountry "GER"]
[EventRounds "7"]
[EventType "team-swiss"]
[EventDate "2024.12.26"]

1. d4 Nf6 2. Nf3 g6 3. g3 Bg7 4. Bg2 O-O 5. O-O d6 6. b3 c5 7. e3 Nc6 8. Bb2 e6
9. Nbd2 Qc7 10. Re1 Bd7 11. Qe2 Nb4 12. Rec1 Rac8 13. a3 Nc6 14. Re1 Ne8 15.
Rad1 f5 16. Nb1 Nf6 17. Nc3 a6 18. dxc5 dxc5 19. Na4 Ne4 20. Bxg7 Kxg7 21. Nd2
Ne5 22. Nxe4 fxe4 23. Bxe4 b5 24. Nb2 Bc6 25. Bxc6 Qxc6 26. e4 Nf3+ 1/2-1/2

[Event "DVM U16 2024"]
[Site "Sebnitz GER"]
[Date "2024.12.28"]
[Round "4"]
[White "Vasylieva, Kira"]
[Black "Tabales, Lennart"]
[Result "0-1"]
[Termination "normal"]
[Board "9.3"]
[WhiteElo "1647"]
[BlackElo "1676"]
[WhiteTeam "Krefelder SK Turm 1851"]
[BlackTeam "SV 1926 Riegelsberg"]
[PlyCount "117"]
[WhiteFideId "34653465"]
[BlackFideId "34604057"]
[EventCountry "GER"]
[EventRounds "7"]
[EventType "team-swiss"]
[EventDate "2024.12.26"]

1. e4 c5 2. Nf3 e6 3. g3 d5 4. exd5 exd5 5. Bg2 Nf6 6. d4 Nc6 7. c3 Bg4 8. Be3
cxd4 9. Bxd4 Be7 10. O-O O-O 11. Qd3 Qd7 12. Nbd2 Rad8 13. Rfe1 Rfe8 14. Nb3
Bf5 15. Qd1 b6 16. Ne5 Nxe5 17. Bxe5 Ne4 18. Nd4 Bc5 19. Bf4 Bh3 20. Qd3 Bxg2
21. Kxg2 Bxd4 22. cxd4 Qf5 23. Re3 g5 24. Be5 Qxf2+ 25. Kh1 Qxb2 26. Rf1 Nf2+
27. Rxf2 Qxf2 28. Rf3 Qe1+ 29. Kg2 Qe4 30. Qd2 h6 31. Kf2 Rc8 32. Rc3 Rxc3 33.
Qxc3 Qf5+ 34. Qf3 Qxf3+ 35. Kxf3 f6 36. Bd6 Re4 37. Bb8 a6 38. Ba7 Rxd4 39.
Bxb6 Rd2 40. a4 Rxh2 41. Ke3 h5 42. a5 h4 43. gxh4 gxh4 44. Bc7 Ra2 45. Kd4 h3
46. Kxd5 Rxa5+ 47. Ke6 Re5+ 48. Bxe5 fxe5 49. Kxe5 h2 50. Kd4 h1=Q 51. Ke5 a5
52. Kd6 Qe4 53. Kc5 a4 54. Kb5 Qd4 55. Kc6 a3 56. Kb5 a2 57. Kc6 a1=Q 58. Kb5
Qac3 59. Ka6 0-1

[Event "DVM U16 2024"]
[Site "Sebnitz GER"]
[Date "2024.12.28"]
[Round "4"]
[White "Jung, Marcel"]
[Black "Bitter, Daniel"]
[Result "1-0"]
[Termination "normal"]
[Board "9.4"]
[WhiteElo "1700"]
[BlackElo "1689"]
[WhiteTeam "SV 1926 Riegelsberg"]
[BlackTeam "Krefelder SK Turm 1851"]
[PlyCount "51"]
[WhiteFideId "34673881"]
[BlackFideId "34646710"]
[EventCountry "GER"]
[EventRounds "7"]
[EventType "team-swiss"]
[EventDate "2024.12.26"]

1. c4 Nf6 2. Nc3 g6 3. e4 d6 4. d4 Bg7 5. Nf3 Bg4 6. Be2 Nbd7 7. h3 Bxf3 8.
Bxf3 c5 9. Be3 Rc8 10. d5 O-O 11. Qd2 Ne5 12. Be2 Ne8 13. f4 Nd7 14. g4 f5 15.
gxf5 gxf5 16. Rg1 Kh8 17. O-O-O fxe4 18. Nxe4 Nef6 19. Ng5 Qe8 20. Bg4 Nxg4 21.
hxg4 Nf6 22. Rh1 h6 23. Ne6 Rf7 24. g5 Ng4 25. gxh6 Nxh6 26. f5 1-0

[Event "DVM U16 2024"]
[Site "Sebnitz GER"]
[Date "2024.12.28"]
[Round "4"]
[White "Malchereck, Romeo"]
[Black "Trenz, Finn"]
[Result "1/2-1/2"]
[Termination "normal"]
[Board "10.1"]
[WhiteElo "1775"]
[BlackElo "1914"]
[WhiteTeam "Hamburger SK 1830"]
[BlackTeam "SV Multatuli Ingelheim"]
[PlyCount "110"]
[WhiteFideId "16265831"]
[BlackFideId "16279379"]
[EventCountry "GER"]
[EventRounds "7"]
[EventType "team-swiss"]
[EventDate "2024.12.26"]

1. e4 c6 2. d4 d5 3. exd5 cxd5 4. c4 Nf6 5. Nc3 e6 6. Nf3 Bb4 7. Qc2 Nc6 8. Be2
O-O 9. a3 Bxc3+ 10. bxc3 dxc4 11. Bxc4 b6 12. O-O Bb7 13. Bg5 Rc8 14. Rfd1 h6
15. Bf4 Na5 16. Bd3 Nh5 17. Bd2 Qc7 18. Rac1 Nc4 19. Bxc4 Qxc4 20. Ne5 Qc7 21.
c4 Rfd8 22. Qb3 Nf6 23. Be3 Nd7 24. Nxd7 Qxd7 25. f3 Qe7 26. Qa4 Bc6 27. Qb4
Rd7 28. Qxe7 Rxe7 29. Kf2 Ba4 30. Rd3 Rec7 31. Rdc3 Bb5 32. c5 bxc5 33. Rxc5
Rxc5 34. Rxc5 Rxc5 35. dxc5 a6 36. Bf4 Kf8 37. Ke3 Ke7 38. Bd6+ Kf6 39. Ke4 h5
40. h4 g6 41. g4 Bc6+ 42. Kf4 e5+ 43. Bxe5+ Ke6 44. Bc3 Kd5 45. Bb4 a5 46. Bxa5
Kxc5 47. Ke3 Bd7 48. gxh5 gxh5 49. f4 Bg4 50. Ke4 f5+ 51. Ke5 Kb5 52. Bb4 Ka4
53. Be7 Kb5 54. Kd4 Ka4 55. Kc4 Bf3 1/2-1/2

[Event "DVM U16 2024"]
[Site "Sebnitz GER"]
[Date "2024.12.28"]
[Round "4"]
[White "González Peisker, Mateo León"]
[Black "Kellner, Anton"]
[Result "0-1"]
[Termination "normal"]
[Board "10.2"]
[WhiteElo "1577"]
[BlackElo "1788"]
[WhiteTeam "SV Multatuli Ingelheim"]
[BlackTeam "Hamburger SK 1830"]
[PlyCount "72"]
[WhiteFideId "34610138"]
[BlackFideId "16293185"]
[EventCountry "GER"]
[EventRounds "7"]
[EventType "team-swiss"]
[EventDate "2024.12.26"]

1. d4 Nf6 2. Nf3 d5 3. Bf4 e6 4. c3 Bd6 5. e3 O-O 6. Bd3 Nbd7 7. Nbd2 Re8 8.
Ne5 h6 9. Ndf3 Nh5 10. O-O Nxf4 11. exf4 c5 12. Qc2 c4 13. Be2 Nf6 14. g3 b5
15. b4 Qc7 16. Rfe1 Bb7 17. Bf1 a5 18. a3 Ra6 19. f5 Ne4 20. fxe6 Rxe6 21. Bh3
Rf6 22. Bg4 Bc8 23. Bxc8 Qxc8 24. Kg2 Qf5 25. Re2 axb4 26. cxb4 Bxb4 27. Nh4
Qc8 28. f3 Ng5 29. Rb1 Qh3+ 30. Kg1 Bf8 31. Rxb5 Rxa3 32. Rf2 Rfa6 33. Ng4 h5
34. Ne3 Rxe3 35. Qc1 Rae6 36. Rf1 Re2 0-1

[Event "DVM U16 2024"]
[Site "Sebnitz GER"]
[Date "2024.12.28"]
[Round "4"]
[White "Wartenberg, Alissa"]
[Black "Gyácsok, Dzvinka"]
[Result "1/2-1/2"]
[Termination "normal"]
[Board "10.3"]
[WhiteElo "1830"]
[BlackElo "1735"]
[WhiteTeam "Hamburger SK 1830"]
[BlackTeam "SV Multatuli Ingelheim"]
[PlyCount "97"]
[WhiteFideId "16280741"]
[BlackFideId "16298292"]
[EventCountry "GER"]
[EventRounds "7"]
[EventType "team-swiss"]
[EventDate "2024.12.26"]

1. e4 e5 2. Nf3 Nc6 3. Bb5 a6 4. Ba4 Nf6 5. O-O b5 6. Bb3 Be7 7. Re1 O-O 8. h3
Bb7 9. c3 d6 10. d4 h6 11. Nbd2 Re8 12. Nf1 Qd7 13. Ng3 Bf8 14. d5 Ne7 15. Nh4
c6 16. dxc6 Bxc6 17. Qf3 d5 18. Bc2 dxe4 19. Bxe4 Nxe4 20. Nxe4 f5 21. Nc5 Qd6
22. Qe3 Nd5 23. Nxf5 Nxe3 24. Nxd6 Bxd6 25. Bxe3 Bxc5 26. Bxc5 Rad8 27. Rad1
Rc8 28. Bd6 e4 29. Rd4 Kf7 30. Bb4 Re6 31. c4 bxc4 32. Rxc4 Rd8 33. Rec1 Bb5
34. Rc7+ Rd7 35. Rxd7+ Bxd7 36. Rc7 Ke8 37. Kf1 Bb5+ 38. Ke1 e3 39. Rc2 Bd3 40.
Rc3 exf2+ 41. Kxf2 Re2+ 42. Kg1 Rxb2 43. a3 Bf5 44. Rc6 Rb1+ 45. Kh2 Bd3 46.
Rd6 Bc4 47. Bc3 Rb7 48. Rg6 Kf8 49. Bb4+ 1/2-1/2

[Event "DVM U16 2024"]
[Site "Sebnitz GER"]
[Date "2024.12.28"]
[Round "4"]
[White "Montonen, Elias"]
[Black "Borgert, Alexander"]
[Result "1/2-1/2"]
[Termination "normal"]
[Board "10.4"]
[WhiteElo "1186"]
[BlackElo "1716"]
[WhiteTeam "SV Multatuli Ingelheim"]
[BlackTeam "Hamburger SK 1830"]
[PlyCount "72"]
[BlackFideId "16289188"]
[EventCountry "GER"]
[EventRounds "7"]
[EventType "team-swiss"]
[EventDate "2024.12.26"]

1. e4 c5 2. c3 e5 3. Nf3 Nc6 4. Na3 a6 5. Bc4 Be7 6. O-O Nf6 7. Re1 O-O 8. Nc2
d6 9. h3 Rb8 10. d4 Qc7 11. Bd3 b5 12. b3 a5 13. Rb1 Bd7 14. Bd2 Rfc8 15. Qe2
Na7 16. Ne3 Bf8 17. dxe5 dxe5 18. Nd5 Nxd5 19. exd5 f6 20. Qe4 g6 21. c4 Bg7
22. Qe3 Re8 23. Bc2 Nc8 24. Bc3 Nd6 25. Nd2 b4 26. Bb2 Bf5 27. Bxf5 Nxf5 28.
Qd3 Nd6 29. Ne4 Nxe4 30. Qxe4 f5 31. Qe3 Kf7 32. Rbd1 Rbd8 33. Qd2 Qd6 34. Qe3
Rc8 35. a3 Ra8 36. a4 Rac8 1/2-1/2

[Event "DVM U16 2024"]
[Site "Sebnitz GER"]
[Date "2024.12.29"]
[Round "6"]
[White "Vollbehr, Bjarne"]
[Black "Trunz, Michelle"]
[Result "1/2-1/2"]
[Termination "normal"]
[Board "1.1"]
[WhiteElo "2075"]
[BlackElo "2115"]
[WhiteTeam "SK Doppelbauer Kiel 1910"]
[BlackTeam "SG Porz"]
[PlyCount "150"]
[WhiteFideId "34606025"]
[BlackFideId "16227980"]
[EventCountry "GER"]
[EventRounds "7"]
[EventType "team-swiss"]
[EventDate "2024.12.26"]

1. Nf3 d5 2. c4 c6 3. e3 Nf6 4. Nc3 g6 5. d4 Bg7 6. cxd5 cxd5 7. Be2 O-O 8. O-O
Bg4 9. b4 Nbd7 10. Qb3 e6 11. a4 Rc8 12. Ba3 Ne4 13. Rfc1 Bxf3 14. Bxf3 Nd2 15.
Qd1 Nxf3+ 16. Qxf3 Nb6 17. b5 Re8 18. Qd1 Nc4 19. Bb4 Qd7 20. Qb3 e5 21. dxe5
Rxe5 22. Ra2 Rg5 23. Ne2 h5 24. Bc3 Qg4 25. g3 h4 26. Bxg7 Kxg7 27. Qc3+ Kg8
28. Qd4 hxg3 29. hxg3 Qd7 30. Rac2 Rd8 31. Nf4 Ne5 32. Qxa7 d4 33. exd4 Nf3+
34. Kf1 Qg4 35. Qxb7 Rh5 36. Nxh5 Qh3+ 37. Ke2 Nxd4+ 38. Ke1 Qxh5 39. Rd2 Re8+
40. Kf1 Nf3 41. Kg2 Nxd2 42. Rc8 Rxc8 43. Qxc8+ Kh7 44. Qb7 Qf5 45. a5 Ne4 46.
Qa7 Ng5 47. Qb7 Ne4 48. Qa7 Qd5 49. a6 Nd2+ 50. Kg1 Nf3+ 51. Kf1 Qxb5+ 52. Kg2
Ne1+ 53. Kg1 Nf3+ 54. Kg2 Ne5 55. Kg1 Qb1+ 56. Kh2 Qf1 57. g4 Nxg4+ 58. Kg3
Qg1+ 59. Kf4 g5+ 60. Kf5 Nh6+ 61. Kf6 Qe1 62. Kxg5 Qe5+ 63. Kh4 Qh2+ 64. Kg5
Qh3 65. Kf4 Qf5+ 66. Ke3 Ng4+ 67. Ke2 Qe4+ 68. Kd2 Qb4+ 69. Ke2 Qc4+ 70. Kf3
Ne5+ 71. Kg2 Qg4+ 72. Kf1 Qd1+ 73. Kg2 Qf3+ 74. Kf1 Qd3+ 75. Kg2 Qf3+ 1/2-1/2

[Event "DVM U16 2024"]
[Site "Sebnitz GER"]
[Date "2024.12.29"]
[Round "6"]
[White "Holzwarth, Felix"]
[Black "Bräutigam, Alexander"]
[Result "0-1"]
[Termination "normal"]
[Board "1.2"]
[WhiteElo "1954"]
[BlackElo "2054"]
[WhiteTeam "SG Porz"]
[BlackTeam "SK Doppelbauer Kiel 1910"]
[PlyCount "80"]
[WhiteFideId "34621377"]
[BlackFideId "16245210"]
[EventCountry "GER"]
[EventRounds "7"]
[EventType "team-swiss"]
[EventDate "2024.12.26"]

1. d4 Nf6 2. Nc3 d5 3. Bf4 e6 4. Nb5 Bd6 5. Nxd6+ cxd6 6. Nf3 O-O 7. e3 Nc6 8.
h3 b5 9. c3 Rb8 10. Qc2 Re8 11. a4 a6 12. axb5 axb5 13. b4 e5 14. Bh2 h6 15. g4
Ne4 16. Bg2 g6 17. Nd2 f5 18. Rd1 Qe7 19. Nxe4 dxe4 20. gxf5 gxf5 21. Bxe4 fxe4
22. Qxe4 exd4 23. Qg6+ Kh8 24. Rg1 Rb7 25. Bxd6 Qe6 26. cxd4 Qxg6 27. Rxg6 Kh7
28. Rg3 Bf5 29. d5 Ne5 30. e4 Nc4 31. Bc5 Rxe4+ 32. Kf1 Rd7 33. Rf3 Kg6 34.
Rg3+ Kh7 35. Rf3 Bg6 36. Rf8 Bh5 37. Ra1 Nd2+ 38. Kg2 Rg7+ 39. Kh2 Nf3+ 40. Kh1
Rh4 0-1

[Event "DVM U16 2024"]
[Site "Sebnitz GER"]
[Date "2024.12.29"]
[Round "6"]
[White "Bräutigam, Katerina"]
[Black "Trunz, Tamila"]
[Result "0-1"]
[Termination "normal"]
[Board "1.3"]
[WhiteTitle "WFM"]
[WhiteElo "1947"]
[BlackElo "1940"]
[WhiteTeam "SK Doppelbauer Kiel 1910"]
[BlackTeam "SG Porz"]
[PlyCount "40"]
[WhiteFideId "16242980"]
[BlackFideId "16267885"]
[EventCountry "GER"]
[EventRounds "7"]
[EventType "team-swiss"]
[EventDate "2024.12.26"]

1. e4 c5 2. Nf3 e6 3. c3 Nc6 4. d4 d5 5. e5 Qb6 6. a3 Nh6 7. Bd3 cxd4 8. cxd4
Bd7 9. Bc2 g6 10. Nc3 Nf5 11. Bxf5 gxf5 12. b4 Rc8 13. Qd3 Nxb4 14. Qd2 Qa6 15.
axb4 Qxa1 16. Ne2 Bb5 17. Ng5 Qa4 18. O-O Rc2 19. Nc3 Rxd2 20. Nxa4 Rc2 0-1

[Event "DVM U16 2024"]
[Site "Sebnitz GER"]
[Date "2024.12.29"]
[Round "6"]
[White "Aravindan, Midhulan"]
[Black "Farokhi, Darian"]
[Result "0-1"]
[Termination "normal"]
[Board "1.4"]
[WhiteElo "1887"]
[BlackElo "1858"]
[WhiteTeam "SG Porz"]
[BlackTeam "SK Doppelbauer Kiel 1910"]
[PlyCount "108"]
[WhiteFideId "16237250"]
[BlackFideId "16253108"]
[EventCountry "GER"]
[EventRounds "7"]
[EventType "team-swiss"]
[EventDate "2024.12.26"]

1. e4 e5 2. Nf3 Nc6 3. Bc4 Bc5 4. c3 Nf6 5. d3 d6 6. Bb3 h6 7. Nbd2 a5 8. a4
O-O 9. O-O Be6 10. Bxe6 fxe6 11. Nb3 Bb6 12. Qe2 Qd7 13. Be3 Bxe3 14. Qxe3 b6
15. d4 exd4 16. cxd4 d5 17. e5 Ne4 18. Nbd2 Nxd2 19. Qxd2 Nb4 20. Ra3 Rf7 21.
Ne1 Kh8 22. Nc2 c5 23. Ne3 Rf4 24. dxc5 bxc5 25. Rc1 Qc7 26. g3 Rff8 27. f4 Qa7
28. h3 c4 29. Kh2 Rab8 30. b3 c3 31. Qe2 d4 32. Nc4 d3 33. Qf1 c2 34. Qe1 g5
35. Qd2 gxf4 36. gxf4 Qd4 37. f5 Kh7 38. f6 Rbc8 39. Rg1 Rf7 40. Qg2 Qf4+ 41.
Kh1 Qg5 42. Qe4+ Qf5 43. Qe3 Nd5 44. Qg3 Nf4 45. Raa1 Qe4+ 46. Kh2 Ne2 47. Qf2
Nxg1 48. Rxg1 Rxc4 49. bxc4 Qxe5+ 50. Kh1 Qxf6 51. Qg3 Qf3+ 52. Qxf3 Rxf3 53.
Kg2 d2 54. Kxf3 d1=Q+ 0-1

[Event "DVM U16 2024"]
[Site "Sebnitz GER"]
[Date "2024.12.29"]
[Round "6"]
[White "Semling, Julius"]
[Black "Melestean, Timur"]
[Result "1/2-1/2"]
[Termination "normal"]
[Board "2.1"]
[WhiteElo "2213"]
[BlackElo "2157"]
[WhiteTeam "OSG Baden-Baden"]
[BlackTeam "SK König Plauen"]
[PlyCount "42"]
[WhiteFideId "16290160"]
[BlackFideId "16280385"]
[EventCountry "GER"]
[EventRounds "7"]
[EventType "team-swiss"]
[EventDate "2024.12.26"]

1. e4 e5 2. Nf3 Nc6 3. Bc4 Bc5 4. c3 Nf6 5. d4 exd4 6. e5 d5 7. Be2 Ne4 8. cxd4
Bb6 9. Nc3 O-O 10. O-O Bg4 11. Be3 Nxc3 12. bxc3 f6 13. exf6 Qxf6 14. Qb3 Qd6
15. a4 Na5 16. Qc2 Bxf3 17. Bxf3 c6 18. Be2 Nc4 19. Bc1 Qe6 20. Bd3 h6 21. g3
Rf3 1/2-1/2